Sports Quiz

Random Sports or Numbers Quiz

AL Yearly HR Leaders Quiz Stats

 Plays Quiz not verified by Sporcle

Also try: MEAC
Challenge
Share
Tweet
Embed
Score 0/31 Timer 10:00
0 Plays Today
Year Player % Correct
2001Alex Rodriguez
98.6%
2002Alex Rodriguez
98.6%
2003Alex Rodriguez
98.6%
2005Alex Rodriguez
98.6%
2007Alex Rodriguez
98.6%
1991Cecil Fielder/Jose Canseco
91.7%
2010Jose Bautista
91.3%
1994Ken Griffey
90.4%
1997Ken Griffey
90.4%
1998Ken Griffey
90.4%
1999Ken Griffey
90.4%
2006David Ortiz
89.4%
1988Jose Canseco
88.5%
1982Gorman Thomas/Reggie Jackson
88.1%
1987Mark McGwire
88.1%
1996Mark McGwire
88.1%
Year Player % Correct
1990Cecil Fielder
86.2%
2004Manny Ramirez
82.6%
1980Reggie Jackson/Ben Oglivie
79.8%
2009Mark Teixeira/Carlos Pena
79.4%
1995Albert Belle
76.6%
1992Juan Gonzalez
69.3%
1993Juan Gonzalez
69.3%
1981Tony Armas/Dwight Evans/Bobby Grich/Eddie Murray
62.8%
1985Darrell Evans
57.8%
2008Miguel Cabrera
53.2%
1983Jim Rice
52.8%
1984Tony Armas
52.3%
2000Troy Glaus
45%
1989Fred McGriff
38.1%
1986Jesse Barfield
33.9%

You're not logged in!

Compare scores with friends on all Sporcle quizzes.
Join for Free
OR
Log In

You Might Also Like...

Show Comments

Extras

Top Quizzes Today


Score Distribution

Your Account Isn't Verified!

In order to create a playlist on Sporcle, you need to verify the email address you used during registration. Go to your Sporcle Settings to finish the process.

Report this User

Report this user for behavior that violates our Community Guidelines.

Details: